The Leningrad Codex : (Record no. 25252)
[ view plain ]
| 000 -LEADER | |
|---|---|
| fixed length control field | 01576cam a2200361 a 4500 |
| 001 - CONTROL NUMBER | |
| control field | 4469995 |
| 003 - CONTROL NUMBER IDENTIFIER | |
| control field | AUA.1 |
| 005 - DATE AND TIME OF LATEST TRANSACTION | |
| control field | 20251120114415.0 |
| 008 - FIXED-LENGTH DATA ELEMENTS--GENERAL INFORMATION | |
| fixed length control field | 960306s1998 miua b 001 0 heb |
| 010 ## - LIBRARY OF CONGRESS CONTROL NUMBER | |
| LC control number | 96012373 |
| 020 ## - INTERNATIONAL STANDARD BOOK NUMBER | |
| International Standard Book Number | 0802837867 |
| Qualifying information | cloth : alk. paper |
| 020 ## - INTERNATIONAL STANDARD BOOK NUMBER | |
| International Standard Book Number | 9780802837868 |
| Qualifying information | (cloth : alk. paper) |
| 035 ## - SYSTEM CONTROL NUMBER | |
| System control number | 4469995 |
| 040 ## - CATALOGING SOURCE | |
| Original cataloging agency | DLC |
| Transcribing agency | DLC |
| Modifying agency | DLC |
| 041 0# - LANGUAGE CODE | |
| Language code of text/sound track or separate title | heb |
| -- | eng |
| 050 00 - LIBRARY OF CONGRESS CALL NUMBER | |
| Classification number | BS715.5 |
| Item number | .L46 1998 |
| 082 00 - DEWEY DECIMAL CLASSIFICATION NUMBER | |
| Classification number | 221.4/4 |
| Edition number | 20 |
| 130 0# - MAIN ENTRY--UNIFORM TITLE | |
| Uniform title | Bible. |
| Name of part/section of a work | Old Testament. |
| Language of a work | Hebrew. |
| Version | Leningrad Codex. |
| Date of a work | 1998. |
| 245 14 - TITLE STATEMENT | |
| Title | The Leningrad Codex : |
| Remainder of title | a facsimile edition / |
| Statement of responsibility, etc | general editor, David Noel Freedman ; managing editor, Astrid B. Beck ; associate editors, Bruce E. Zuckerman, Marilyn J. Lundberg ; publication editor, James A. Sanders ; photographers, Bruce E. Zuckerman ... [et al.]. |
| 260 ## - PUBLICATION, DISTRIBUTION, ETC. (IMPRINT) | |
| Place of publication, distribution, etc | Grand Rapids, Mich. : |
| Name of publisher, distributor, etc | Wm. B. Eerdmans ; |
| Place of publication, distribution, etc | Leiden ; |
| -- | New York : |
| Name of publisher, distributor, etc | Brill Academic Publishers, |
| Date of publication, distribution, etc | 1998. |
| 300 ## - PHYSICAL DESCRIPTION | |
| Extent | li, 1016 p. : |
| Other physical details | ill. (some col.) ; |
| Dimensions | 34 cm. |
| 504 ## - BIBLIOGRAPHY, ETC. NOTE | |
| Bibliography, etc | Includes bibliographical references and indexes. |
| 546 ## - LANGUAGE NOTE | |
| Language note | Introductory matter in English. |
| 650 #0 - SUBJECT ADDED ENTRY--TOPICAL TERM | |
| Topical term or geographic name as entry element | Manuscripts, Hebrew |
| General subdivision | Facsimiles. |
| 700 1# - ADDED ENTRY--PERSONAL NAME | |
| Personal name | Freedman, David Noel, |
| Dates associated with a name | 1922- |
| 700 1# - ADDED ENTRY--PERSONAL NAME | |
| Personal name | Beck, Astrid B. |
| 700 1# - ADDED ENTRY--PERSONAL NAME | |
| Personal name | Sanders, James A., |
| Dates associated with a name | 1927- |
| 906 ## - LOCAL DATA ELEMENT F, LDF (RLIN) | |
| a | 7 |
| b | cbc |
| c | orignew |
| d | 1 |
| e | ocip |
| f | 19 |
| g | y-gencatlg |
| 942 ## - ADDED ENTRY ELEMENTS (KOHA) | |
| Source of classification or shelving scheme | Library of Congress Classification |
| Koha item type | Reference Book |
| Classification part | BS 715.5 |
| Item part | .L46 1998 |
| Withdrawn status | Lost status | Source of classification or shelving scheme | Damaged status | Not for loan | Collection code | Home library | Current library | Shelving location | Date acquired | Source of acquisition | Cost, normal purchase price | Serial Enumeration / chronology | Total Checkouts | Full call number | Barcode | Date last seen | Cost, replacement price | Price effective from | Koha item type |
|---|---|---|---|---|---|---|---|---|---|---|---|---|---|---|---|---|---|---|---|
| Library of Congress Classification | Reference Shelves | Judith Thomas Library | Judith Thomas Library | Reference Books | 20/11/2025 | Donation, Prof. Zdravko Stefanovic | 129.00 | AUA27990 | BS 715.5 .L46 1998 | AUA27990 | 20/11/2025 | 129.00 | 20/11/2025 | Reference Book |